| 000 | 00455nam a2200169 a 4500 | ||
|---|---|---|---|
| 001 | 0000-8860 | ||
| 003 | ELIB.Books | ||
| 008 | 110520 2006 | ||
| 035 | _a(ELIB.Books)0000-9006 | ||
| 082 |
_aB.Th _bLah |
||
| 100 | _aLah Shee, Naw | ||
| 245 | _aTo be a model person in the Twenty-First Century | ||
| 260 |
_bInsein: Karen Baptist Theolgical Seminary _c2006 |
||
| 650 | _aThesis | ||
| 942 |
_2ddc _cBK |
||
| 998 |
_cbat _e2011-05-20 |
||
| 999 |
_c8860 _d8860 |
||